F1 World Champions - Statistics

General Stats
  • This quiz has been taken 26 times
  • The average score is 51 of 75
Answer Stats
Hint Answer % Correct
2020 Hamilton
100%
2024 Verstappen
100%
2023 Verstappen
100%
2022 Verstappen
100%
2021 Verstappen
100%
2019 Hamilton
96%
2018 Hamilton
96%
2017 Hamilton
96%
2006 Alonso
92%
2005 Alonso
92%
2009 Button
92%
2015 Hamilton
92%
2014 Hamilton
92%
2008 Hamilton
92%
2016 Nico Rosberg
92%
2004 Schumacher
92%
2003 Schumacher
92%
2002 Schumacher
92%
2001 Schumacher
92%
2000 Schumacher
92%
2013 Vettel
92%
2012 Vettel
92%
2011 Vettel
92%
2010 Vettel
92%
1996 Damon Hill
80%
1999 Hakkinen
80%
1998 Hakkinen
80%
2007 Raikkonen
80%
1995 Schumacher
80%
1994 Schumacher
80%
1991 Senna
76%
1990 Senna
76%
1988 Senna
76%
1997 Villeneuve
76%
1992 Mansell
72%
1987 Piquet
72%
1993 Prost
72%
1989 Prost
72%
1986 Prost
72%
1984 Lauda
68%
1976 Hunt
64%
1985 Prost
64%
1975 Lauda
60%
1983 Piquet
60%
1956 Fangio
56%
1955 Fangio
56%
1954 Fangio
56%
1951 Fangio
56%
1982 Keke Rosberg
56%
1977 Lauda
56%
1957 Fangio
52%
1950 Farina
52%
1981 Piquet
52%
1978 Andretti
48%
1953 Ascari
48%
1960 Brabham
48%
1959 Brabham
48%
1962 Graham Hill
48%
1961 Phil Hill
48%
1952 Ascari
44%
1974 Fittipaldi
44%
1980 Jones
44%
1979 Scheckter
44%
1966 Brabham
40%
1968 Graham Hill
40%
1958 Hawthorn
40%
1965 Clark
36%
1972 Fittipaldi
36%
1967 Hulme
36%
1963 Clark
32%
1970 Rindt
32%
1964 Surtees
32%
1973 Steward
20%
1971 Steward
20%
1969 Steward
20%
No matching quizzes found
Score Distribution
Percent of People with Each Score
Percentile by Number Answered
Your Score History
You have not taken this quiz